00529nam a22001697a 450000500170000001000140001702000260003103500130005703700130007008200120008310000220009524500920011726000360020927000770024530000220032265000150034420100811164538.0 aENG-99804 a9789380032863c250.00 aEN-83336 bDBAD/PUB a808.883 aGhosh, Bishwanath aChai, Chai :btravels in places where you stop but never get off /cby Bishwanath Ghosh aChennaibTranquebar Pressc2009 bChennaia571, Poonamallee High Road, Kamaraj Bhavan, Aminjikaraie600029 a214p.c22cm (pbk) aTravelogve